|
|
|
|
| LEADER |
01138nam a2200265 a 4500 |
| 001 |
4469635 |
| 008 |
091124s1997 nyua b 001 0 eng d |
| 010 |
|
|
|a 96008643
|
| 020 |
|
|
|a 0070214980
|
| 020 |
|
|
|a 0071152733
|
| 040 |
|
|
|a DLC
|c DLC
|d DLC
|
| 082 |
0 |
0 |
|a 333.7
|2 20
|
| 100 |
1 |
|
|a Field, Barry C.
|
| 245 |
1 |
0 |
|a Environmental economics :
|b an introduction /
|c Barry C. Field.
|
| 250 |
|
|
|a 2nd ed.
|
| 260 |
|
|
|a New York :
|b McGraw-Hill,
|c c1997.
|
| 300 |
|
|
|a xvii, 490 p. :
|b ill. ;
|c 24 cm.
|
| 504 |
|
|
|a Includes bibliographical references and indexes.
|
| 541 |
1 |
|
|e 00008260
|
| 650 |
|
0 |
|a Environmental economics.
|
| 650 |
|
0 |
|a Economic development
|x Environmental aspects.
|
| 852 |
4 |
|
|a Ayesha Abed Library
|j General Shelf.
|
| 999 |
|
|
|c 5964
|d 5964
|
| 952 |
|
|
|0 0
|1 0
|2 ddc
|4 0
|6 333_700000000000000_FIE_1997
|7 0
|9 5948
|a BRACUL
|b BRACUL
|c GEN
|d 2009-12-06
|g 0.00
|l 6
|m 93
|o 333.7 FIE
|p 3010008260
|r 2019-09-09
|s 2019-05-12
|t 1
|w 2009-12-06
|y BK
|x No price found in the accession register.
|
| 952 |
|
|
|0 0
|1 0
|2 ddc
|4 0
|6 333_700000000000000_FIE_1997
|7 0
|9 14094
|a BRACUL
|b BRACUL
|c GEN
|d 2011-01-22
|l 4
|m 46
|o 333.7 FIE
|p 3010008171
|r 2019-08-29
|s 2019-05-12
|t 2
|w 2011-01-22
|y BK
|